ஹிஸ்புல்லா ஓர் அறிமுகம்/

Saved in:
Bibliographic Details
Main Author: ராகவன்,பா
Format: Book
Language:English
Tamil
Published: சென்னை: எழுத்து பிரசுரம், 2022
Subjects:
Tags: Add Tag
No Tags, Be the first to tag this record!

MARC

LEADER 00000nam a22000007a 4500
005 20260407112508.0
008 260407b |||||||| |||| 00| 0 eng d
020 |a 9789393882684 
041 |a tam  |h tam 
082 |a 303.625  |b ராகவ 
100 |a ராகவன்,பா.  |9 45127 
245 |a ஹிஸ்புல்லா ஓர் அறிமுகம்/  |c பா.ராகவன். 
260 |a சென்னை:  |b எழுத்து பிரசுரம்,  |c 2022 
300 |a 185p.:  |b ;  |c 18.5.cm 
500 |a Purchased  
650 |a  பயங்கரவாதம்  |9 116954 
942 |c BK 
999 |c 71014  |d 71014